|
|
|
|
| LEADER |
01028nam a22002417a 4500 |
| 001 |
AAL7502 |
| 003 |
BD-DhAAL |
| 005 |
20160208172351.0 |
| 008 |
160208s 2009bg a|||| |||| 00| 0 ben d |
| 020 |
|
|
|a 9847016600340
|
| 040 |
|
|
|a BD-DhAAL
|c BD-DhAAL
|
| 082 |
|
|
|a 954/.14/029
|
| 100 |
|
|
|a হক, মুহাম্মদ ফজলুল
|9 17891
|
| 245 |
|
|
|a নবাব সিরাজউদ্দৌলা ও বাংলার মসনদ /
|c মুহাম্মদ ফজলুল হক
|
| 250 |
|
|
|a 1st ed.
|
| 260 |
|
|
|a ঢাকা :
|b আফসার ব্রাদার্স,
|c ২০০৯.
|
| 300 |
|
|
|a ১৪৪ পৃ. :
|b চিত্র ;
|c ২২ সে.মি.
|
| 541 |
|
|
|e 7502
|
| 600 |
|
|
|a Siraj ud-daula, Nawab of Bengal,
|y 1757.
|9 17892
|
| 650 |
|
|
|a East India Company.
|9 17893
|
| 942 |
|
|
|2 ddc
|c BK
|
| 999 |
|
|
|c 36816
|d 36816
|
| 952 |
|
|
|0 0
|1 0
|2 ddc
|4 0
|6 954_000000000000000__14_029_HAQ
|7 0
|9 57944
|a SCL
|b SCL
|c GEN
|d 2016-02-08
|g 150.00
|l 1
|m 1
|o 954.14029 HAQ
|p 3020007502
|r 2018-02-25
|s 2018-02-17
|t 1
|w 2016-02-08
|y BK
|